| 000 | 00462nam a22001577a 4500 | ||
|---|---|---|---|
| 003 | OSt | ||
| 005 | 20151117143210.0 | ||
| 008 | 151117b xxu||||| |||| 00| 0 eng d | ||
| 040 | _cRUA | ||
| 082 | _aFIS ទូច 1990 B144 Or.1 | ||
| 100 |
_93791 _aទូច សាវី |
||
| 245 | _aគំរោងអួនអូសត្រី នៅ ឈូងសមុទ្រថៃ | ||
| 260 |
_aPhnom Penh _bRUA _c1990 |
||
| 300 |
_a134p. _bill. _c29cm. |
||
| 942 |
_2ddc _cFIS |
||
| 999 |
_c3526 _d3526 |
||